000 aam a22 a 4500
999 _c4242
_d4242
003 AKMAL
005 20170525160215.0
008 170525s2014 my e l 000 0 may d
020 _a9789678924498
_qpaperback
082 0 4 _a354.595062 MAL
_223
090 0 0 _a354.595062
_bMAL
110 1 _aMalaysia,
_ejurisdiction governed.
_9400
245 1 0 _aARAHAN PERBENDAHARAAN :
_b(HINGGA 1HB MAC 2014) /
_cDisusun oleh: Lembaga Penyelidikan Undang-Undang
264 1 _aPetaling Jaya, Selangor :
_bInternational Law Book Services,
_c2014
300 _a180 pages ;
_c24 cm.
490 1 _aUNDANG-UNDANG MALAYSIA
650 1 0 _aFinance, Public
_xLaw and legislation
_zMalaysia
_98297
710 2 _aLembaga Penyelidikan Undang-Undang,
_eeditor of compilation.
_98298
830 0 _aUNDANG-UNDANG MALAYSIA
_98299
942 _2ddc
_cBOOK